[Event "Bundesliga 1516"]
[Site "Germany"]
[Date "2015.12.12"]
[Round "3.1"]
[White "Rapport, Richard"]
[Black "Bluebaum, Matthias"]
[Result "1-0"]
[WhiteElo "2715"]
[BlackElo "2590"]
[Annotator "Meyer,CD"]
[PlyCount "89"]
[EventDate "2015.09.18"]
[EventType "team-tourn"]
[EventRounds "15"]
[EventCountry "GER"]
[SourceTitle "CBM 170"]
[Source "ChessBase"]
[SourceDate "2016.01.15"]
[SourceVersion "1"]
[SourceVersionDate "2016.01.15"]
[SourceQuality "1"]
[WhiteTeam "Solingen"]
[BlackTeam "Werder Bremen"]
[WhiteTeamCountry "GER"]
[BlackTeamCountry "GER"]
[TimeControl "40/6000+30:3000+30"]

{BLOCKADEN UND HEBEL} 1. e4 {[%emt 0:00:00]} e6 {[%emt 0:00:00]} 2. d4 {
[%emt 0:00:00]} d5 {[%emt 0:00:00]} 3. e5 {[%emt 0:00:00]} c5 {[%emt 0:00:06]}
4. c3 {[%emt 0:00:01]} Qb6 {[%emt 0:00:49]} 5. Nf3 {[%emt 0:00:05]} Nc6 {
[%emt 0:00:21]} 6. a3 {[%emt 0:00:05]} c4 {[%emt 0:00:55] "In the initial
stage both sides have several alternatives with independent ideas, but after a
few moves many different continuations will lead to the same position ...
there is hardly any theory on this line." (V. Moskalenko, 2008) Das zähe
Blockade-System im Vorstoß-Franzosen, bei der es weniger auf konkrete
Varianten als auf die Kenntnis von typischen Ideen und Plänen bzw. aufs
Stellungsverständnis ankommt. An der alten Auffassung, dass hiernach ein
schwieriger positioneller Kampf entsteht, bei dem die Chancen für Weiß als
etwas besser angesehen werden müssen, hat sich m. E. bis heute nichts
geändert.} ({Andere Fortsetzungen mit Rapport- bzw. Blübaum-Beteiligung: I} 
6... Nh6 7. b4 cxd4 8. Bxh6 gxh6 9. cxd4 Bd7 10. Ra2 Rc8 11. Rc2 Bg7 12. Nc3
Nxd4 (12... O-O) 13. Qxd4 Qxd4 14. Nxd4 Bxe5 15. Nce2 $14 {, 1-0 (40) Rapport,
R (2674)-Berg,E (2561) Malmo 2013}) ({II} 6... Nge7 7. Bd3 cxd4 8. cxd4 Nf5 9.
Bxf5 exf5 10. Nc3 Be6 11. O-O h6 12. Na4 Qc7 (12... Qb5) 13. Ne1 Be7 14. Be3
O-O 15. Nd3 b6 16. Nc3 Na5 17. Nf4 Qd7 18. Qf3 Rfd8 $13 {/=, 1-0 (56) Rapport,
R (2577)-Bluebaum,M (2428) Sibenik 2012}) 7. Be2 {[%emt 0:01:35]} ({Die als
genauer geltende Zugfolge} 7. Nbd2 Na5 8. Be2 {wird auch häufiger praktiziert
und führt nach} Bd7 9. Rb1 {zur nachstehenden Partie Rapport vs Apicella})
7... Na5 {[%emt 0:01:26]} 8. Nbd2 {[%emt 0:00:16]} Be7 {[%emt 0:04:10]} ({
Der Textzug ist relativ selten anzutreffen, während} 8... Bd7 {die meist
übliche Wahl ist, z.B.:} 9. Rb1 (9. O-O Ne7 $13 (9... f6 $5 {Moskalenko}) 10.
Re1 Qc7 11. Rb1 Nc8 12. Nf1 Nb6 13. Bf4 Nb3 14. N3d2 Ba4 15. Nxb3 Bxb3 16. Qd2
Be7 17. Ng3 O-O-O 18. Nh5 g6 (18... Rhg8) 19. Nf6 $14 Nd7 20. Nxd7 $6 (20. Nxd5
$142 $1 exd5 21. e6 Bd6 22. exd7+ Qxd7 23. Bxd6 Qxd6 24. Bf3 $14) 20... Qxd7 {
0-1 (51) Schroeder,J (2175)-Bluebaum,M (2320) playchess.com INT 2011}) 9... Ne7
10. b4 cxb3 11. Nxb3 Ba4 (11... Rc8 $142 $5 12. Nbd2 Qc6 $13 {remis/24m
Doroshenko,A (2362)-Galanov,S (2519) ICCF email 2012}) (11... Nxb3 $142 12.
Rxb3 Qc7 $13) 12. Nxa5 Bxd1 (12... Qxa5 $142 13. Qd3 Qc7 $13) 13. Rxb6 axb6 14.
Bb5+ Kd8 15. Nxb7+ Kc7 16. Kxd1 Kxb7 17. Ng5 Nc6 18. Nxf7 Rg8 19. a4 h6 $6 (
19... Be7 $14) 20. f4 $16 Be7 (20... g6 21. g4 Kc7 22. f5 gxf5 23. gxf5 exf5
24. e6 $1) 21. f5 exf5 22. Rf1 {1-0 (41) Rapport,R (2674)-Apicella,M (2532)
Haguenau 2013}) 9. O-O {[%emt 0:07:36]} Nh6 {[%emt 0:03:18]} (9... Bd7 10. Rb1
(10. Re1)) 10. Qe1 {[%emt 0:02:45] Leitet die Aktivierung seines
Königsläufers mittels Be2-d1-c2 ein.} ({Alternativen, z.B.: I} 10. b4 $5 cxb3
11. Rb1 $13) ({II} 10. Rb1 $5 Bd7 11. Re1 (11. b3 $5) 11... Nf5 12. Nf1 h6 13.
Ne3 O-O 14. h3 Nxe3 15. Bxe3 Qc7 16. Nd2 Nb3 17. Nxb3 Ba4 18. Bg4 Bxb3 19. Qe2
$13 {/=, ½-½ (30) Hughes,S (2345)-Szabo,V (2338) LSS email 2010}) 10... Nf5 {
[%emt 0:13:13]} 11. Bd1 Bd7 {[%emt 0:05:57]} 12. Bc2 {[%emt 0:02:06]} h6 {
[%emt 0:04:31]} 13. Kh1 {Weiß verabschiedet sich (zunächst) von einer
Öffnung des Damenflügels (b3 bzw. b4) und plant mit umständlichen Manövern
das Vorgehen seiner Königsflügelbauern (f4, g4). Nun wäre auch
beispielsweise} (13. Qd1 Rc8 14. Rb1 Bd8 15. b3 Nxb3 16. Nxb3 cxb3 17. Rxb3 Qc7
{nicht erstrebenswert für ihn.}) 13... Qc7 {[%emt 0:04:48]} (13... g5 14. g4
$13) 14. Ng1 {[%emt 0:05:12]} g5 $5 {[%emt 0:10:11]} ({Auch in Betracht kam
zunächst} 14... O-O-O $5 {plus gelegentliches ...g5. Weiß wird vermutlich
dann doch dazu übergehen, mittels b3 Aktivitäten zu entfalten.}) 15. g4 $5 {
[%emt 0:14:52]} Nh4 {[%emt 0:05:29]} 16. f4 $1 {[%emt 0:00:20]} gxf4 $6 {
[%emt 0:10:01] Danach vermag Weiß die Initiative an sich zu reißen. Besser
war der Gegenhebel} (16... h5 $142 $1 17. fxg5 (17. gxh5 $143 g4) 17... hxg4
18. Rf4 Bxg5 19. Rxg4 Be7 20. Ndf3 Nxf3 21. Nxf3 O-O-O $13 {/=. Weiter könnte
folgen:} 22. Bg5 Bxg5 23. Rxg5 (23. Nxg5 $2 f5 $1) 23... Nc6 24. Qg3 Qb6 25.
Rb1 Rdf8 26. Rg7 f6 27. Nh4 Be8 28. b3 Qd8 {mit etwa gleichen Chancen}) 17.
Rxf4 {[%emt 0:11:11] Nun fällt die Verteidigung aufgrund der strukturellen
Mängel am Königsflügel bereits schwer.} f5 {[%emt 0:06:46] Um den Druck auf
der f-Linie abzuschütteln, indes begünstigen die resultierenden
Komplikationen eher den Gegner.} ({Andere Versuche: I} 17... Ng6 18. Rf1 $14 {
, z.B.} Rh7 19. Ne2 O-O-O 20. Nf4 Kb8 21. Nh5 $1 (21. Nxg6 $143 fxg6 22. Bxg6
Rg7 23. Bh5 Be8 $13)) ({II} 17... h5 18. g5 $1 Ng6 (18... Nf5 19. h4 $14) 19.
Rf3 Bc6 (19... Bxg5 $2 20. Nxc4 $1 Bh4 (20... dxc4 21. Bxg5 $16) 21. Bxg6 $1
Bxe1 22. Nd6+ Kf8 (22... Kd8 $4 23. Bg5+ f6 24. Bxf6#) 23. Rxf7+ Kg8 24. Bg5
$18 {, z.B.} Bd2 25. Bxd2 Nb3 26. Rd1 Rf8 (26... Nxd2 27. Rxd2 Rh6 28. Rg2) 27.
Bg5 Rxf7 28. Bxf7+ Kh7 29. Nf3) 20. Ne2 $14) 18. Ndf3 $1 {[%emt 0:07:35]} Nxf3
{[%emt 0:09:16]} (18... Ng6 $2 {erweist sich nach} 19. gxf5 Nxf4 20. Bxf4 {
als Bumerang:} O-O-O (20... exf5 $2 21. e6 Qxf4 22. exd7+ Kd8 23. Ne5) 21. Ne2
Rdg8 22. f6 Bd8 23. Be3 Be8 24. Nf4 $16 {(} Qb6 25. Rb1 Kb8 26. Qh4 Bf7 27. Qh3
{)}) 19. Nxf3 {[%emt 0:05:32] In allen Abspielen zeigt es sich nun, dass Weiß
hier die größeren Ressourcen hat.} fxg4 {[%emt 0:01:12]} ({Das verlockende} 
19... Bg5 $2 {ist vermutlich sogar fehlerhaft:} 20. Nxg5 $1 (20. gxf5 Bxf4 21.
Bxf4 O-O-O (21... exf5 $4 22. Qh4 $1 $18 Bc6 23. Rg1 Qe7 24. Bg5 hxg5 25. Qxh8+
Qf8 26. Qh5+ Qf7 27. Qxg5) 22. Qe3 $5 (22. f6) 22... Qb6 23. Rb1 exf5 24. Nh4
$14) 20... hxg5 21. Rxf5 $3 exf5 (21... O-O-O 22. Rxg5 Nb3 23. Bxb3 cxb3 24.
Rg7 $16) 22. Bxg5 Nb3 23. Rd1 Ba4 (23... Be6 24. gxf5) (23... Bc8 24. gxf5) 24.
Bxf5 {und für den geopferten Turm hat Weiß mit anhaltendem Druckspiel gegen
den in der Mitte feststeckenden König nebst drei Mehrbauern verheißungsvolle
Kompensation (+/-).}) 20. Nh4 $1 {[%emt 0:03:58]} O-O-O {[%emt 0:14:33]} 21.
Ng6 {[%emt 0:00:36]} Rh7 {[%emt 0:00:27]} 22. Rxg4 $6 {[%emt 0:03:51]} ({
Genauer war} 22. Nxe7+ $142 Rxe7 23. Qh4 {und wegen der Schwäche der
schwarzen Königsflügelbauern hat Weiß deutlichen Vorteil, z.B.} Ree8 24. Rb1
$1 Nb3 25. Be3 h5 (25... Rh8 26. Rxg4) 26. Rf7 $1 Rh8 27. Bg5 Rde8 28. Bf6 Rhg8
29. Rd1 Qb6 30. Bh7 Rgf8 31. Rxf8 Rxf8 32. Qxh5 $16) 22... Nb3 {[%emt 0:01:00]}
23. Bxb3 {[%emt 0:03:49]} cxb3 {[%emt 0:00:04]} 24. Bxh6 $14 {[%emt 0:00:23]
So hat der Anziehende zwar einen Bauern erobert, aber seine Vorteilsverwertung
außerordentlich erschwert.} ({Oder auch} 24. Nxe7+ Rxe7 25. Bxh6 $14) 24...
Be8 $6 {[%emt 0:05:49]} (24... Bb5 $142 25. Qe3 ({nicht} 25. Nxe7+ Qxe7 26. Bg5
Qg7) 25... Re8 26. Rag1 Bd8 27. Bg5 Bxg5 28. Rxg5 $14) 25. Qd2 $6 {[%emt 0:03:
27]} ({Hier war der Abtausch des schwarzfeldrigen Läufers wieder das gegebene
Mittel:} 25. Nxe7+ $142 Qxe7 26. Bg5 Qg7 27. Rg2 Rd7 28. Bf6 Qh6 29. Qg3 $16)
25... Bxg6 {[%emt 0:02:45]} (25... Bb5 26. Nxe7+ Qxe7 27. Bg5 Qg7 28. Rag1 $14
{, z.B.} Rdh8 29. h4 Rh5 30. Rf4) 26. Rxg6 {[%emt 0:00:02]} Rdh8 {[%emt 0:00:
05]} 27. Rag1 {[%emt 0:04:04]} Bf8 $6 {[%emt 0:01:50]} (27... Bd8 $142 $5 28.
R1g2 (28. Rg7 Rxg7 29. Rxg7 Qc4 $14) 28... Qf7 29. Qf4 $14) 28. Bxf8 {[%emt 0:
14:11]} Qf7 {[%emt 0:00:05]} (28... Rxf8 $2 29. Rxe6 $18) 29. Bh6 $2 {[%emt 0:
00:18] Anstatt seinen Vorteil endgültig zu verdichten, greift der ungarische
Jungstar schwer daneben und gibt seinem Widersacher eine unverhoffte Chance.
Es musste} (29. Rf6 $142 $1 Rxh2+ (29... Qe8 $143 30. Rg7 $18) 30. Qxh2 Rxh2+
31. Kxh2 {mit großem Vorteil geschehen, z.B.} Qh5+ 32. Kg3 Qg5+ 33. Kf2 Qd2+
34. Kf3 Qd3+ (34... Qxb2 $143 35. Bh6 $1 Qxc3+ 36. Be3 $18) 35. Kg4 Qe2+ 36.
Rf3 {und höchstwahrscheinlich +- [} Kd7 (36... Qxb2 37. Kg5 Qc2 38. Kf6 b2 39.
Rff1 Kd7 40. Bd6) 37. a4 Qxb2 38. Kg5 Qc2 39. Rff1 b2 40. Kf6) 29... Rxh6 {
[%emt 0:00:17]} 30. Rxh6 {[%emt 0:03:06]} Rxh6 {[%emt 0:00:05]} 31. Qg2 $14 {
[%emt 0:00:06] Auf ein Neues, aber nun sollte der weiße Mehrbauer kaum noch
ins Gewicht fallen.} (31. Qxh6 $2 Qf3+ 32. Rg2 Qf1+ 33. Rg1 Qf3+ $11) 31... Rh8
{[%emt 0:00:52]} 32. Qg4 {[%emt 0:00:55]} Kb8 {[%emt 0:01:04]} 33. h3 {[%emt 0:
00:11]} a5 {[%emt 0:02:03]} 34. Kh2 {[%emt 0:00:31]} Ka7 {[%emt 0:00:39]} 35.
Rg2 {[%emt 0:00:56]} a4 {[%emt 0:01:16]} 36. Kg1 {[%emt 0:01:00]} Rh6 {[%emt 0:
00:57]} 37. Rf2 {[%emt 0:02:09]} Qh7 {[%emt 0:00:14]} 38. Kh2 {[%emt 0:00:02]}
Qb1 {[%emt 0:01:19]} 39. Qe2 {[%emt 0:01:15]} Qh7 {[%emt 0:00:43]} 40. Qe3 {
[%emt 0:00:36]} Rh4 {[%emt 0:00:49]} (40... Rh5 $142 41. c4 Rf5 42. cxd5 (42.
Rxf5 Qxf5 43. cxd5 Qc2+ 44. Kg3 Qxb2 $13 {/=}) 42... Rxf2+ 43. Qxf2 exd5 44.
Qe2 Qc2 45. Qg2 b5 46. e6 Qc7+ 47. Qg3 Qc2+ $11) 41. c4 $5 {[%emt 0:51:08]
Dieser Hebel stellt den letzten Gewinnversuch dar.} Re4 $6 {[%emt 0:18:53]} ({
Den Vorzug verdienten: I} 41... Qe4 $142 42. Qd2 Rh8 43. cxd5 exd5 $44 {, z.B.}
44. Qf4 (44. Rf4 Qb1 45. Rf2 Qe4 (45... Rg8)) 44... Qe1) ({II} 41... dxc4 $142
42. d5+ Ka6 43. Rf6 (43. d6 Re4 $132 {=, z.B.} 44. Qd2 (44. Qc3 Qh4 45. Qg3
Qxg3+ 46. Kxg3 Rxe5 47. Rd2 Rg5+ 48. Kf4 c3 $1 49. bxc3 Rd5 50. Rxd5 exd5 51.
d7 b2 52. d8=Q b1=Q 53. Qxd5 Qc1+ $11 {, xa3/xc3}) 44... Rh4 45. Rf3 (45. Qc3
Re4 46. Rd2 Qh4 47. d7 Qf4+ 48. Kg2 Qg5+) 45... Qe4 $11) 43... b6 44. Rxe6 Qc2+
45. Kg3 Qd3 $1 46. Rxb6+ Ka5 47. Qxd3 cxd3 48. Rf6 Re4 49. Rf2 Rxe5 50. Kf4
Rxd5 51. Ke3 Kb5 $11) 42. Qd2 $1 {[%emt 0:00:00]} Qc7 $2 {[%emt 0:03:28] der
partieentscheidende Fehler} ({Erforderlich war} 42... b6 $142 $8 {!} 43. cxd5 (
43. c5 Rh4 44. Qc3 (44. cxb6+ Ka6) 44... Kb7 45. cxb6 Qg7 $44 46. Rf1 Re4)
43... exd5 44. Qd3 Qh5 $44) 43. cxd5 {[%emt 0:00:00]} exd5 {[%emt 0:00:12]} 44.
Qb4 $16 {[%emt 0:00:00] /+-} Qc4 {[%emt 0:01:39] (?) Ein Fauxpas in
aussichtsloser Lage. Jetzt hätte} (44... b6 {auch nicht mehr gereicht:} 45.
Qxa4+ Kb7 46. Qb4 Qc4 47. Qxc4 dxc4 48. Rd2 Re3 49. Kg2 $18 (49. h4 $18)) 45.
Qa5+ $18 {[%emt 0:00:00]} (45. Qa5+ Qa6 46. Qxd5 Re2 47. Qc5+ Kb8 48. d5) 1-0